Holt Science 2 : (Record no. 105898)
[ view plain ]
| 000 -LEADER | |
|---|---|
| fixed length control field | 00431nam a2200157 a 4500 |
| 005 - DATE AND TIME OF LATEST TRANSACTION | |
| control field | 20140412111417.0 |
| 008 - FIXED-LENGTH DATA ELEMENTS--GENERAL INFORMATION | |
| fixed length control field | 070806s19uu xx 00 eng d |
| 020 ## - INTERNATIONAL STANDARD BOOK NUMBER | |
| International Standard Book Number | 0-03-028033-8 |
| 050 ## - LIBRARY OF CONGRESS CALL NUMBER | |
| Classification number | TR(GS 507 |
| Item number | A88 1989 |
| 100 ## - MAIN ENTRY--PERSONAL NAME | |
| Personal name | Abruscato, Joseph |
| 245 ## - TITLE STATEMENT | |
| Title | Holt Science 2 : |
| Remainder of title | Health and Science / |
| Statement of responsibility, etc | Joseph Abruscato. |
| 260 ## - PUBLICATION, DISTRIBUTION, ETC. (IMPRINT) | |
| Place of publication, distribution, etc | U.S.A : |
| Name of publisher, distributor, etc | Holt Rinehart, |
| Date of publication, distribution, etc | 1989. |
| 300 ## - PHYSICAL DESCRIPTION | |
| Extent | 12 |
| 440 ## - SERIES STATEMENT/ADDED ENTRY--TITLE | |
| Title | Holt Science |
| Withdrawn status | Lost status | Damaged status | Home library | Current library | Shelving location | Date acquired | Source of acquisition | Total Checkouts | Full call number | Barcode | Date last seen | Price effective from | Koha item type |
|---|---|---|---|---|---|---|---|---|---|---|---|---|---|
| Elizalde Library | Elizalde Library | Teachers Reference Section | 08/06/2007 | TR(GS 507 A88 1989 | E10943 | 04/12/2014 | 04/12/2014 | Books |